[Event "Puspokladany Arnoth Memorial 15th"]
[Site "Puspokladany"]
[Date "2022.07.30"]
[Round "7"]
[White "Szollosi, Laszlo Sr"]
[Black "Maraczi, Erno"]
[Result "1/2-1/2"]
[WhiteElo "2057"]
[BlackElo "1929"]
[PlyCount "98"]
[EventDate "2022.07.27"]
[EventType "swiss"]
[EventRounds "9"]
[EventCountry "HUN"]
[SourceTitle "EXT 2023"]
[Source "ChessBase"]
[SourceDate "2022.10.05"]
[SourceVersion "1"]
[SourceVersionDate "2022.10.05"]
[SourceQuality "1"]

1. d4 d5 2. Nf3 e6 3. g3 c6 4. Bg2 f5 5. Bf4 Bd6 6. Nbd2 Bxf4 7. gxf4 Nf6 8. e3 Nbd7 9. Ne5 Qb6 10. Rb1 0-0 11. 0-0 Nxe5 12. fxe5 Ne4 13. Nb3 Qd8 14. Qe1 b6 15. f3 Ng5 16. h4 Nf7 17. f4 Nh6 18. Qg3 a5 19. Bf3 Ba6 20. Rf2 Rc8 21. Rg2 Qe7 22. Qg5 Qxg5 23. hxg5 Nf7 24. a4 g6 25. Be2 Bxe2 26. Rxe2 h6 27. Rg2 Kg7 28. Kf2 hxg5 29. fxg5 Rh8 30. Rbg1 Rh4 31. Kf3 Rch8 32. Nc1 R8h5 33. Nd3 Rg4 34. Nf4 Nxg5+ 35. Ke2 Rhh4 36. Rxg4 fxg4 37. Kd3 Kf7 38. c4 Nh3 39. Rf1 Nxf4+ 40. Rxf4+ Ke7 41. cxd5 cxd5 42. Rf6 Rh6 43. Rf4 g5 44. Rxg4 Kf7 45. Rg3 Rh2 46. b3 Rf2 47. e4 dxe4+ 48. Kxe4 Kg7 49. d5 Re2+ 1/2-1/2

[Event "HUN-chT2 Erkel 1718"]
[Site "Hungary"]
[Date "2017.10.08"]
[Round "2.6"]
[White "Lengyel, Istvan"]
[Black "Maraczi, Erno"]
[Result "0-1"]
[WhiteElo "1971"]
[BlackElo "2027"]
[PlyCount "78"]
[EventDate "2017.09.24"]
[EventType "team-tourn"]
[EventRounds "11"]
[EventCountry "HUN"]
[SourceTitle "EXT 2021"]
[Source "ChessBase"]
[SourceDate "2020.10.23"]
[SourceVersion "1"]
[SourceVersionDate "2020.10.23"]
[SourceQuality "1"]
[WhiteTeam "Salgotarjan"]
[BlackTeam "Szada GSBE"]
[WhiteTeamCountry "HUN"]
[BlackTeamCountry "HUN"]

1. Nf3 d5 2. g3 c6 3. Bg2 Nf6 4. 0-0 Bf5 5. d3 Nbd7 6. c3 e5 7. Nh4 Bg6 8. Nxg6 hxg6 9. e4 dxe4 10. dxe4 Nc5 11. Qe2 Qd3 12. Qxd3 Nxd3 13. b3 Bc5 14. Ba3 Bb6 15. h3 Nh5 16. Kh2 Bxf2 17. Rxf2 Nxf2 18. Nd2 Nf6 19. Nc4 N6xe4 20. Re1 f5 21. Nxe5 Rh6 22. Bc1 g5 23. Nf3 Nd3 24. Rd1 Nxc1 25. Rxc1 0-0-0 26. Nd4 Nd6 27. Rf1 g4 28. h4 g5 29. Nxf5 Nxf5 30. Rxf5 gxh4 31. gxh4 Rd3 32. h5 Rxc3 33. Rg5 Kc7 34. Rxg4 Rxh5+ 35. Kg1 Rc1+ 36. Kf2 Rc2+ 37. Kg3 Rxa2 38. Bf3 Rb5 39. b4 Rb2 0-1

[Event "Eger Agria op 40th"]
[Site "Eger"]
[Date "2016.07.21"]
[Round "5"]
[White "Majoros, Rozsa Evelin"]
[Black "Maraczi, Erno"]
[Result "0-1"]
[WhiteElo "1867"]
[BlackElo "2101"]
[PlyCount "80"]
[EventDate "2016.07.18"]
[EventType "swiss"]
[EventRounds "8"]
[EventCountry "HUN"]
[SourceTitle "EXT 2020"]
[Source "ChessBase"]
[SourceDate "2019.10.17"]
[SourceVersion "1"]
[SourceVersionDate "2019.10.17"]
[SourceQuality "1"]

1. d4 d5 2. Nf3 e6 3. c4 c6 4. Nc3 Bd6 5. g3 f5 6. Bg2 Nf6 7. Bf4 Bxf4 8. gxf4 Qd6 9. e3 Qb4 10. Qb3 Qxb3 11. axb3 Nbd7 12. Ne5 Nxe5 13. fxe5 Nd7 14. f3 0-0 15. 0-0 Nb6 16. c5 Nd7 17. b4 b6 18. e4 bxc5 19. bxc5 Rb8 20. exd5 exd5 21. Rf2 a6 22. f4 Re8 23. Re2 Nf8 24. Nxd5 cxd5 25. Bxd5+ Ne6 26. Rd2 Rd8 27. Bxe6+ Bxe6 28. Rxa6 Bd5 29. c6 Rdc8 30. Rc2 Rb4 31. c7 Bb7 32. Rd6 Kf7 33. Rd7+ Ke6 34. Rd6+ Ke7 35. Kf2 Be4 36. Rd2 Rxc7 37. d5 Rcb7 38. Rc6 Rxb2 39. d6+ Kd8 40. Rxb2 Rxb2+ 0-1

[Event "Eger Agria op 40th"]
[Site "Eger"]
[Date "2016.07.18"]
[Round "1"]
[White "Pota, Lajos"]
[Black "Maraczi, Erno"]
[Result "0-1"]
[WhiteElo "1646"]
[BlackElo "2101"]
[PlyCount "44"]
[EventDate "2016.07.18"]
[EventType "swiss"]
[EventRounds "8"]
[EventCountry "HUN"]
[SourceTitle "EXT 2020"]
[Source "ChessBase"]
[SourceDate "2019.10.17"]
[SourceVersion "1"]
[SourceVersionDate "2019.10.17"]
[SourceQuality "1"]

1. d4 d5 2. c4 c6 3. cxd5 cxd5 4. Nc3 Nf6 5. Nf3 e6 6. e3 a6 7. Bd3 Bd6 8. 0-0 Nbd7 9. a3 b5 10. e4 dxe4 11. Nxe4 Be7 12. Bf4 Nb6 13. Rc1 Nfd5 14. Bg3 f5 15. Nc3 f4 16. Ne5 0-0 17. Qc2 fxg3 18. Bxh7+ Kh8 19. fxg3 Bf6 20. Nxd5 Nxd5 21. Bg8 Kxg8 22. Qc6 Ra7 0-1

[Event "Debrecen Karneval Cup"]
[Site "Debrecen"]
[Date "2008.08.19"]
[Round "3"]
[White "Gal, Jozsef Istvan"]
[Black "Maraczi, Erno"]
[Result "1-0"]
[WhiteElo "2336"]
[BlackElo "2127"]
[PlyCount "53"]
[EventDate "2008.08.18"]
[EventType "swiss"]
[EventRounds "7"]
[EventCountry "HUN"]
[SourceTitle "CBM 126 Extra"]
[Source "ChessBase"]
[SourceDate "2008.11.05"]
[SourceVersion "1"]
[SourceVersionDate "2008.11.05"]
[SourceQuality "1"]

1. d4 d5 2. Nf3 e6 3. c4 c6 4. Nc3 f5 5. g3 dxc4 6. Ne5 Bb4 7. Bg2 Bxc3+ 8. bxc3 Qa5 9. Qd2 Qa6 10. Qg5 g6 11. Nxg6 hxg6 12. Qxg6+ Kf8 13. a4 Nd7 14. Ba3+ c5 15. dxc5 Ne7 16. c6 bxc6 17. Bxe7+ Kxe7 18. Qg7+ Kd6 19. Qxh8 Bb7 20. Qd4+ Kc7 21. Rd1 Rd8 22. Qd6+ Kc8 23. Qxe6 Qxa4 24. Qxf5 Qb3 25. 0-0 Qxc3 26. Rxd7 Rxd7 27. Rd1 1-0

[Event "Debrecen Karneval Cup"]
[Site "Debrecen"]
[Date "2008.08.18"]
[Round "2"]
[White "Maraczi, Erno"]
[Black "Kanyadi, Zoltan"]
[Result "1-0"]
[WhiteElo "2127"]
[BlackElo "2103"]
[PlyCount "65"]
[EventDate "2008.08.18"]
[EventType "swiss"]
[EventRounds "7"]
[EventCountry "HUN"]
[SourceTitle "CBM 126 Extra"]
[Source "ChessBase"]
[SourceDate "2008.11.05"]
[SourceVersion "1"]
[SourceVersionDate "2008.11.05"]
[SourceQuality "1"]

1. e4 c5 2. b4 cxb4 3. d4 e6 4. a3 d5 5. e5 Nc6 6. axb4 Bxb4+ 7. c3 Bf8 8. Bd3 Nge7 9. h4 Rb8 10. Ba3 Nf5 11. Bxf8 Kxf8 12. Nf3 h5 13. Bxf5 exf5 14. Nfd2 b6 15. Na3 a6 16. Nc2 a5 17. Qf3 g6 18. 0-0 Be6 19. Ne3 Kg7 20. Rfb1 b5 21. Nb3 a4 22. Nc5 b4 23. Qf4 bxc3 24. Rc1 Rb4 25. Nc2 Rc4 26. Rxa4 Rxa4 27. Nxa4 Qa5 28. Nc5 Rc8 29. Nd3 Qd8 30. Qg3 Qb6 31. Qe3 Qd8 32. g3 Qb6 33. Nc5 1-0

[Event "Debrecen Karneval Cup"]
[Site "Debrecen"]
[Date "2008.08.18"]
[Round "1"]
[White "Uzonyi, David"]
[Black "Maraczi, Erno"]
[Result "0-1"]
[WhiteElo "1879"]
[BlackElo "2127"]
[PlyCount "66"]
[EventDate "2008.08.18"]
[EventType "swiss"]
[EventRounds "7"]
[EventCountry "HUN"]
[SourceTitle "CBM 126 Extra"]
[Source "ChessBase"]
[SourceDate "2008.11.05"]
[SourceVersion "1"]
[SourceVersionDate "2008.11.05"]
[SourceQuality "1"]

1. e4 c5 2. c3 d6 3. d4 Qc7 4. h3 Nf6 5. Bd3 Nbd7 6. Nf3 g6 7. Be3 Bg7 8. 0-0 0-0 9. Qd2 c4 10. Bc2 e5 11. Bh6 Re8 12. Bxg7 Kxg7 13. Re1 Rb8 14. Nh4 Nf8 15. f4 Nh5 16. f5 Qe7 17. Nf3 h6 18. a4 b6 19. Na3 Ba6 20. Kh2 g5 21. Bd1 Nf6 22. Qf2 Qb7 23. d5 N8d7 24. Qd2 Rg8 25. Qe3 Kh7 26. g4 Nc5 27. Bc2 Qd7 28. Rg1 Rg7 29. Nd2 Qc7 30. Qe2 Nd3 31. Naxc4 Nxb2 32. Bd3 Nxd3 33. Qe3 Bxc4 0-1

[Event "Goed op 1st"]
[Site "Goed"]
[Date "2004.08.04"]
[Round "9"]
[White "Zigangirova, Sofya"]
[Black "Maraczi, Erno"]
[Result "1/2-1/2"]
[WhiteElo "2278"]
[BlackElo "2105"]
[PlyCount "64"]
[EventDate "2004.07.??"]
[EventType "swiss"]
[EventRounds "9"]
[EventCountry "HUN"]
[SourceTitle "EXT 2006"]
[Source "ChessBase"]
[SourceDate "2005.11.24"]
[SourceVersion "1"]
[SourceVersionDate "2005.11.24"]
[SourceQuality "1"]

1. e4 e6 2. d4 d5 3. Nc3 Nf6 4. e5 Nfd7 5. f4 c5 6. Nf3 Nc6 7. Be3 a6 8. Qd2 b5 9. dxc5 Bxc5 10. 0-0-0 Qb6 11. Bxc5 Nxc5 12. f5 b4 13. fxe6 bxc3 14. exf7+ Kf8 15. Qxc3 Ne7 16. Qa3 Be6 17. Nd4 Bxf7 18. Be2 Kg8 19. Rhf1 Bg6 20. g4 Be4 21. Bf3 h6 22. Bxe4 dxe4 23. Nf5 Nxf5 24. gxf5 Rc8 25. f6 Qe6 26. f7+ Kf8 27. Qxc5+ Rxc5 28. Rd8+ Ke7 29. Rxh8 Rxc2+ 30. Kxc2 Qc4+ 31. Kd2 Qd3+ 32. Ke1 Qe3+ 1/2-1/2

[Event "Goed op 1st"]
[Site "Goed"]
[Date "2004.07.27"]
[Round "1"]
[White "Maraczi, Erno"]
[Black "Pataki, Gyozo"]
[Result "0-1"]
[WhiteElo "2105"]
[BlackElo "2390"]
[PlyCount "128"]
[EventDate "2004.07.??"]
[EventType "swiss"]
[EventRounds "9"]
[EventCountry "HUN"]
[SourceTitle "EXT 2006"]
[Source "ChessBase"]
[SourceDate "2005.11.24"]
[SourceVersion "1"]
[SourceVersionDate "2005.11.24"]
[SourceQuality "1"]

1. e4 c5 2. Nc3 Nc6 3. g3 g6 4. Bg2 Bg7 5. d3 d6 6. Nge2 e6 7. Be3 Nd4 8. 0-0 Ne7 9. Qd2 0-0 10. Nd1 b6 11. Nc1 Ba6 12. f4 d5 13. c3 dxe4 14. Bxe4 Ndc6 15. Re1 Qc7 16. Rb1 Rad8 17. Qc2 Rd7 18. a3 Nd5 19. Bf2 Rfd8 20. Qa4 Bb7 21. Ne3 Bxc3 22. bxc3 Nxc3 23. Qc2 Nxe4 24. dxe4 Nd4 25. Qc3 Bxe4 26. Rb2 Bb7 27. Ng4 Qc6 28. Nf6+ Kf8 29. Re4 Ke7 30. Bxd4 Rxd4 31. Rbe2 Rd1+ 32. Kf2 Rxc1 33. Qxc1 Kxf6 34. Qc3+ Ke7 35. Qg7 Rd6 36. Qxh7 c4 37. Qh4+ Kd7 38. Qf6 Qc5+ 39. R4e3 Ke8 40. g4 Qd5 41. Kg3 Qd4 42. Re5 Qc3+ 43. Kh4 Qxa3 44. Kg5 Qh3 45. R5e3 Bf3 46. Rxe6+ fxe6 47. Rxe6+ Rxe6 48. Qxe6+ Kd8 49. Qd6+ Kc8 50. Qe6+ Kc7 51. Qf7+ Kd6 52. Qf8+ Kd5 53. Qd8+ Kc5 54. Qe7+ Kd4 55. Qd6+ Ke3 56. Qe5+ Kf2 57. Qd4+ Kg2 58. Qd2+ Kg1 59. Qe3+ Kxh2 60. Qf2+ Qg2 61. Qh4+ Kg1 62. Qe1+ Qf1 63. Qg3+ Bg2 64. Kxg6 Qd3+ 0-1

[Event "HUN-chT2 Erkel 0203"]
[Site "Hungary"]
[Date "2003.02.16"]
[Round "7"]
[White "Sinka, Istvan"]
[Black "Maraczi, Erno"]
[Result "0-1"]
[WhiteElo "2285"]
[BlackElo "2115"]
[PlyCount "64"]
[EventDate "2002.09.22"]
[EventType "team"]
[EventRounds "11"]
[EventCountry "HUN"]
[SourceTitle "EXT 2009"]
[Source "ChessBase"]
[SourceDate "2008.11.26"]
[SourceVersion "1"]
[SourceVersionDate "2008.11.26"]
[SourceQuality "1"]

1. e4 c5 2. Nf3 a6 3. c3 d5 4. exd5 Qxd5 5. d4 Nc6 6. dxc5 Qxd1+ 7. Kxd1 Bg4 8. Be3 e5 9. Kc1 f5 10. b4 f4 11. Bd2 Nf6 12. h3 Bh5 13. Bc4 e4 14. Re1 Be7 15. Ng5 Ne5 16. Nxe4 Nxe4 17. Rxe4 Nxc4 18. Rxc4 g5 19. Re4 Kf7 20. Na3 Bg6 21. Re1 Bd3 22. Nc2 a5 23. a4 Rhd8 24. Ra3 Rd7 25. g3 Rad8 26. Rxe7+ Kxe7 27. Ne1 Bc4 28. Nf3 Rd3 29. Ne5 Rxd2 30. Nxc4 Rxf2 31. gxf4 gxf4 32. Nb6 Rg8 0-1

[Event "HUN-chT2 Erkel 0203"]
[Site "Hungary"]
[Date "2003.02.02"]
[Round "6"]
[White "Tornai, Imre"]
[Black "Maraczi, Erno"]
[Result "1-0"]
[WhiteElo "2201"]
[BlackElo "2115"]
[PlyCount "61"]
[EventDate "2002.09.22"]
[EventType "team"]
[EventRounds "11"]
[EventCountry "HUN"]
[SourceTitle "EXT 2009"]
[Source "ChessBase"]
[SourceDate "2008.11.26"]
[SourceVersion "1"]
[SourceVersionDate "2008.11.26"]
[SourceQuality "1"]

1. e4 d6 2. d4 c6 3. Nc3 Nd7 4. Bc4 Ngf6 5. Nf3 b5 6. Bd3 b4 7. Ne2 Qc7 8. c3 a5 9. Ng3 Ba6 10. Bxa6 Rxa6 11. Qe2 Rb6 12. e5 dxe5 13. dxe5 Ng4 14. e6 fxe6 15. Qxe6 Nge5 16. Nxe5 Nxe5 17. 0-0 c5 18. Qd5 e6 19. Qa8+ Rb8 20. Qe4 Rb6 21. Re1 Ng6 22. Qa8+ Kf7 23. Qxa5 Bd6 24. cxb4 Bxg3 25. fxg3 cxb4 26. Rf1+ Kg8 27. Be3 Rb7 28. Rac1 Qb8 29. Rcd1 Rc7 30. Qb6 Qc8 31. Qxe6+ 1-0

[Event "Piremon Nyirsegi Torna op"]
[Site "Nyiregyhaza"]
[Date "2002.07.06"]
[Round "8"]
[White "Maraczi, Erno"]
[Black "Egri, Laszlo"]
[Result "1/2-1/2"]
[WhiteElo "2115"]
[BlackElo "2190"]
[PlyCount "133"]
[EventDate "2002.06.29"]
[EventType "swiss"]
[EventRounds "9"]
[EventCountry "HUN"]
[SourceTitle "EXT 2004"]
[Source "ChessBase"]
[SourceDate "2003.11.25"]
[SourceVersion "1"]
[SourceVersionDate "2003.11.25"]
[SourceQuality "1"]

1. e4 e5 2. Nf3 Nc6 3. c3 Nf6 4. d4 Nxe4 5. d5 Nb8 6. Qe2 Nf6 7. Nxe5 Be7 8. Qd1 0-0 9. Be2 Re8 10. Be3 Bf8 11. Nc4 b5 12. Nca3 Bb7 13. Bf3 Bc5 14. 0-0 Bxe3 15. fxe3 a6 16. Qd4 d6 17. Nc2 Nbd7 18. Nd2 Qe7 19. e4 Qe5 20. b4 Nb6 21. Rae1 Na4 22. Re3 Qxd4 23. cxd4 Re7 24. Nb3 Rae8 25. Rfe1 c6 26. Na5 cxd5 27. e5 dxe5 28. dxe5 Ne4 29. Bxe4 dxe4 30. Nxb7 Rxb7 31. Rxe4 Rc7 32. Ne3 Nc3 33. Rd4 Nxa2 34. Nd5 Rc4 35. Rxc4 bxc4 36. Ra1 Rxe5 37. Rxa2 Rxd5 38. Rxa6 Kf8 39. Rc6 Rd4 40. Rc7 c3 41. Rxc3 Rxb4 42. Kf2 g5 43. h3 h5 44. Rc5 f6 45. Rc7 Re4 46. Rh7 h4 47. Ra7 Re7 48. Ra6 Kg7 49. Kf3 Kg6 50. Rb6 Ra7 51. Rc6 Ra3+ 52. Kf2 Rg3 53. Ra6 g4 54. hxg4 Kg5 55. Ra4 Rxg4 56. Ra3 Rf4+ 57. Kg1 Kg4 58. Kh2 f5 59. Rb3 Re4 60. Ra3 f4 61. Ra8 Re5 62. Rg8+ Rg5 63. Rh8 Rh5 64. Rg8+ Rg5 65. Rh8 Rg7 66. Rh6 Rg5 67. Rh8 1/2-1/2

[Event "Piremon Nyirsegi Torna op"]
[Site "Nyiregyhaza"]
[Date "2002.06.29"]
[Round "1"]
[White "Mester, Gyula"]
[Black "Maraczi, Erno"]
[Result "1-0"]
[WhiteElo "2419"]
[BlackElo "2115"]
[PlyCount "57"]
[EventDate "2002.06.29"]
[EventType "swiss"]
[EventRounds "9"]
[EventCountry "HUN"]
[SourceTitle "EXT 2004"]
[Source "ChessBase"]
[SourceDate "2003.11.25"]
[SourceVersion "1"]
[SourceVersionDate "2003.11.25"]
[SourceQuality "1"]

1. d4 d5 2. c4 e6 3. Nc3 Nf6 4. Bg5 Be7 5. e3 c6 6. Bd3 Nbd7 7. Nf3 0-0 8. Qe2 h6 9. Bf4 dxc4 10. Bxc4 b5 11. Bd3 b4 12. Ne4 a5 13. Nxf6+ Nxf6 14. Rc1 Qb6 15. Ne5 c5 16. dxc5 Bxc5 17. Qc2 Be7 18. Nc6 Re8 19. Nxe7+ Rxe7 20. Bc7 Qb7 21. Bd8 b3 22. axb3 Qxg2 23. Bxe7 Qxh1+ 24. Ke2 Qb7 25. Bxf6 gxf6 26. Rg1+ Kh8 27. Qc5 Qb4 28. Qh5 Qf8 29. Qf3 1-0